000
00268nam a22001217a 4500
008
181012b xxu||||| |||| 00| 0 eng d
041
_a
eng
080
_a
617
100
_a
8
101
_a
OFT
245
_a
Diabetic Retinopathy
_c
Retina Foundation
942
_2
udc
_c
BK
999
_c
49465
_d
49465